000 00364nam a22001457a 4500
020 _a9783030351007
040 _cNUST
082 _a620.1126 GDO
100 _aGdoutos, E. E.
_984127
245 _aFracture Mechanics :
_bAn Introduction
250 _a3rd
260 _aSwitzerland:
_bSpringer,
_c2020.
650 _aFracture Mechanics.
_984128
942 _2ddc
_cBK
999 _c586751
_d586751